000 00531nam a2200205Ia 4500
003 GCL
008 140319s9999 xx 000 0 eng d
040 _aGCL /
_cGCL
082 0 4 _a330
_bS E
100 1 _aSAMUELSON, POUL A.
245 1 0 _aECONOMICS, 5TH ED /
_cSAMUELSON, POUL A.
700 1 _aNORDHAUS, WILLIAM D.
260 _a[S.N] :
_bMC GRAW - HILL ،
_c1995
300 _a789 P
650 0 4 _aCONSUMER BEHAVIOR
650 0 4 _aSUPPLY AND DEMAND
650 0 4 _aECONOMETRICS
650 0 4 _aMODERN ECONOMY
942 _2ddc
_cBK
999 _c23492
_d23492